01070nab a2200301 uc450000100070000000500170000700800410002403500110006503500210007604000130009704100080011010000390011824501310015765000200028865000430030865000240035165000250037565000350040065000230043565000230045865000270048170000490050870000340055770000380059177301100062994200100073999900190074985517420240504090143.0031120e20030805 spa  a855174 a(OCoLC)820085407 ccomduadb aspa10aRuiz Vega, Jaime4auteaut945399310aColecta y evaluacion de nematodos entopatogenos para el control de gallinas ciegas Phyllophaga vetula (Horn) en Oaxaca, Mexico aMéxico942871 aControl biológico de insectos917840 aMelolontidos960588 aColeópteros952475 7aPlagas agrícolas2lemb92590 aNemátodos934827 aSteinernema988622 aHeterorhabditis98862310aAquino Bolaños, Teodulfo4auteaut938489010aKaya, Harry4auteaut938489110aStock, Patricia4auteaut95277160 tFolia Entomológica Mexicana (Xalapa)gVol. 042, No. 02, Ago. 2003, p. 169-173w255927x0430-8603097225 cARIMP c296754d296754